Skaljarnoje ocenivanije mnogomernych dinamičeskich sistem

Salvato in:
Dettagli Bibliografici
Natura: Libro
Lingua:russo
Pubblicazione: Moskva Mašinostrojenije 1987
Edizione:1. izd.
Serie:Monografija
Tags: Aggiungi Tag
Nessun Tag, puoi essere il primo ad aggiungerne!!

MARC

LEADER 00000nam a2200000 4500
001 c034666
005 20260128082627.5
041 0 |a rus 
044 |a RU 
245 1 0 |a Skaljarnoje ocenivanije mnogomernych dinamičeskich sistem  |c Oleg Stepanovič Salyčev 
250 |a 1. izd. 
264 1 |a Moskva  |b Mašinostrojenije  |c 1987 
300 |a 215 s. 
490 1 |a Monografija 
830 0 |a Monografija